| 000 | 00853na a2200265 4500 | ||
|---|---|---|---|
| 001 | 18140 | ||
| 003 | MIRAKIL | ||
| 005 | 20181213154838.0 | ||
| 008 | 161111b tu 000 0 | ||
| 035 | _a18140 | ||
| 040 |
_aMilas _btur _cTR-AnCHP |
||
| 041 | _atur | ||
| 082 |
_aCHP 324.2372 _bC36 1948 |
||
| 090 | _aCHP 324.2372 C36 1948 | ||
| 245 |
_aC.H.P. 1947-1948 Ankara İl Kongresine sunulan dilekler _c[CHP] |
||
| 246 | _a1947-1948 Ankara İl Kongresine sunulan dilekler | ||
| 260 |
_aAnkara _bUlus basımevi _c1948 |
||
| 300 |
_a72 s. _c27 sm. |
||
| 610 |
_aCumhuriyet Halk Partisi (CHP) _xAnkara İl Kongresi |
||
| 610 |
_aCumhuriyet Halk Partisi (CHP) _xİl kongreleri, 1948 _zAnkara |
||
| 657 | _aCHP Ankara İl Kongresi | ||
| 740 | _a1947-1948 Ankara İl Kongresine sunulan dilekler | ||
| 830 | _aCHP yayınları | ||
| 942 |
_2ddc _cBKS |
||
| 999 |
_c1890 _d1890 |
||